| 000 | 00608nam a2200229 a 4500 | ||
|---|---|---|---|
| 008 | |||
| 020 | _a0750627263 (pbk.) | ||
| 049 | _aMAIN | ||
| 090 | _aTA405 | ||
| 100 | 1 | _aBolton, W. | |
| 245 | 1 | 0 |
_aMaterials and their uses / _cW. Bolton. |
| 260 |
_aOxford : _bButterworth-Heinemann, _c1996. |
||
| 300 |
_a188 p. : _bill. ; _c25 cm. |
||
| 500 | _aIncludes index. | ||
| 650 | 0 | _aMaterials. | |
| 650 | 0 | _aEngineering design. | |
| 907 |
_a.b10026368 _b22-05-04 _c17-04-03 |
||
| 003 | |||
| 005 | 20230123133604.0 | ||
| 040 | _cNUST | ||
| 942 |
_cBOOKS _kTA405 |
||
| 999 |
_c151205 _d151205 |
||